000 00495nam a22001697a 4500
005 20260506130258.0
008 260506b |||||||| |||| 00| 0 eng d
020 _a9781841138329
_qpbk
041 _aeng
082 _a341.242 DOU
245 _a50 Years of the European Treaties:
_bLooking Back and Thinking Forward
_c/Michael Dougan;
260 _aNorth America
_bHart Publishing
_c2009
300 _axxxi, 439p. :
_c25cm.
504 _aindex
650 _aLaw of nations
942 _cENGLISH
999 _c622646
_d622646